Campeãs do Brasileirão Feminino - Statistics

Estatísticas Gerais
  • Esse quiz foi jogado 69 vezes
    37 desde o último reset
  • A pontuação média é 9 de 11
Estatísticas das Respostas
Ano Time % Correto
2018 Corinthians
95%
2020 Corinthians
95%
2021 Corinthians
95%
2022 Corinthians
95%
2023 Corinthians
95%
2017 Santos
90%
2014 Ferroviária
81%
2019 Ferroviária
81%
2016 Flamengo
81%
2013 Centro Olímpico
52%
2015 Rio Preto
52%
Nenhum quiz correspondente encontrado
Distribuição das Pontuações
Porcentagem de Pessoas com Cada Pontuação
Percentil de Números Respondidos
Sua Pontuação Histórica
Você não jogou esse quiz desde o último reset